| 000 | 00484nam a22001697a 4500 | ||
|---|---|---|---|
| 005 | 20230117121946.0 | ||
| 008 | 200317b xxu||||| |||| 00| 0 eng d | ||
| 020 | _a9788123925325 | ||
| 041 | _aeng | ||
| 082 | _a615 | ||
| 100 | _aQADRY ,J.S | ||
| 245 |
_aA TEXT BOOK OF PHARMACOGNOSY : THEORY AND PRACTICALS -- 1991 _cJ.S QADRY |
||
| 260 |
_aNEW DELHI _bCBS PUBLISHERS AND DISTRIBUTORS _c2019 |
||
| 300 | _a406 P. ; V | ||
| 650 |
_aPHARMACY _xB.PHARMA & D.PHARMA _97472 |
||
| 942 | _cBK | ||
| 999 |
_c6135 _d6133 |
||